| 000 | 00671nam a22002295i 4500 | ||
|---|---|---|---|
| 001 | 13043 | ||
| 003 | ES-MaACL | ||
| 005 | 20250522063042.0 | ||
| 007 | t| | ||
| 008 | 930128s1992 sp ||||0| spa j | ||
| 020 | _a84-86770-67-X | ||
| 040 |
_aM-BN _bspa _cM-BN |
||
| 080 | _a929 Carnicer, Ramón | ||
| 080 | _a860-94"19" | ||
| 100 | 1 |
_aCarnicer, Ramón, _d1912-2007 _935377 |
|
| 245 | 1 | 0 |
_aCodicilo / _cRamón Carnicer. |
| 260 |
_aValladolid : _bAmbito, _cD.L. 1992. |
||
| 300 |
_a326 p. ; _c21 cm. |
||
| 600 | 1 | 4 |
_aCarnicer, Ramón, _d1912-2007 _935377 |
| 852 |
_aES-MaACL _jL-20401 _bR.121530 _q. - Ded. autógr. del autor |
||
| 999 |
_c13043 _d13043 |
||